| 000 | 00758nam a2200265Ia 4500 | ||
|---|---|---|---|
| 003 | OSt | ||
| 005 | 20221007123451.0 | ||
| 006 | a|||||r|||| 00| 0 | ||
| 007 | ta | ||
| 008 | 221006b |||||||| |||| 00| 0 eng d | ||
| 020 | _a8173195366 (pbk) | ||
| 024 | _a2022 | ||
| 037 | _cTextual | ||
| 040 |
_aPAPL _cPAPL _beng |
||
| 041 |
_2eng _aeng |
||
| 082 | _aC:(B), P3 Carpa | ||
| 100 |
_aChandra Suresh _9393122 |
||
| 245 | 0 | _aTextbook of mathematical physics | |
| 260 |
_aNew _bDelhi Narosa Publishing House _c2003 |
||
| 300 |
_ax, 168p. _ccm. |
||
| 500 | _aBibliography p166; Index 167-168p. | ||
| 650 |
_aMathematical Physics _9463933 |
||
| 942 |
_hC:(B), P3 Carpa _cTEXL _2CC |
||
| 999 |
_c1211944 _d1211944 |
||